| 000 | 00968nam a2200265Ia 4500 | ||
|---|---|---|---|
| 003 | OSt | ||
| 005 | 20221005105134.0 | ||
| 006 | a|||||r|||| 00| 0 | ||
| 007 | ta | ||
| 008 | 221004b |||||||| |||| 00| 0 hin d | ||
| 020 |
_a9788179756348 (hbk) _c295 |
||
| 024 | _a21121 | ||
| 037 |
_b492, 25/03/2015, Swaraj Prakashan _cTextual |
||
| 040 |
_aCRL _cCRL _bhin |
||
| 041 |
_2hin _ahin |
||
| 082 | _aO152,1(Delta25):g(Y15), Q4 | ||
| 100 | _aमेधा | ||
| 245 | 0 | _aभक्ति आंदोलन और स्त्री - विमर्श | |
| 246 | _aBhakti āandolan aur strī - vimarsha | ||
| 260 |
_aनई दिल्ली _bअनामिका पब्लिर्शस भारत _c2014 |
||
| 300 |
_a100पृ0 _ccm. |
||
| 650 | _aहिन्दी साहित्य | ||
| 942 |
_hO152,1(Delta25):g(Y15), Q4 _cTEXL _2cc |
||
| 999 |
_c1014892 _d1014892 |
||